000 00936nam a22002651u 4500
001 06193
003 HDC
007 cr bn ---
008 210123p xx fo d 00 engg
040 _aHDC
100 _aHj. Abdul Rahim Saleh
_96514
245 0 _aHalal Standards, Auditing & Certification :
_bA Singapore Experience /
_cby Hj. Abdul Rahim Saleh
260 _a[No place] :
_b[publisher not identified],
_c2006
300 _a31 pages :
_bIllustrations
336 _atext
_2rdacontent
337 _acomputer
_2rdamedia
338 _aonline resource
_2rdacarrier
650 _aHalal certification
_zSingapore
_96515
650 _aHalal industry
_9144
650 _aHalal Standards
_92716
856 _zRequest full-text at [email protected]
942 _2lcc
942 _cSLIDE
942 _kSLID 000711
999 _c3517
_d3517